00809nam a22002537a 450000500170000000800410001702000180005804000090007604100080008508200210009310000240011424500250013825000060016326000530016930000280022236500590025052001420030965000080045165000190045965000170047870000150049570000240051070000210053420220601114348.0220601b ||||| |||| 00| 0 eng d a9789391679132 cAloy aeng 223a657.46bRAVG aRavi M N and others aGST and customs duty a5 aHyderabad:bProfessional Books Publisher,c2022. avii,363p.bPBc23x17cm. 2Managementa1338b216.00c₹d270.00e20%f31-05-2022 aContents: GST Act 2017 Procedure and Incidence of GST GST Registration Input Tax Credit (ITC) Customs Duty Previous years Question Papers aGST aBCom, BBA MCom aCustoms Duty aRAVI (M N) aPRAKASH (Bhanu B E) aSHETTY (Suman N)